| 000 | 00699cab a2200205 4500 | ||
|---|---|---|---|
| 001 | L135870 | ||
| 008 | 061213n2006 000 0 eng u | ||
| 035 | _a(Sirsi) u135870 | ||
| 041 | 0 | _aeng | |
| 100 | 1 | _aSprekos, Petra | |
| 245 | 0 | 0 | _aProperty market brief |
| 260 | _c2006 | ||
| 490 | 0 |
_aEstate Agent _v70(5) October 2006, 52-56(5) |
|
| 520 | _aProvides graphs covering the subjects of: consumer sentiment; interest rates; consumer price index; housing finance; lending finance; building approvals; unemployment; vacancy rates; and auction results up to August 2006. | ||
| 590 | _aKA | ||
| 651 | 4 | _aAUSTRALIA | |
| 690 | _aPROPERTY-PROPERTY MARKET | ||
| 700 | 1 | _aHall, David | |
| 942 | _n0 | ||
| 999 |
_c78054 _d78054 |
||